Atletico Madrid - Tous les joueurs de 2010 à 2025 - Statistiques

Statistiques générales
  • Ce quiz a été pris 798 fois
    107 depuis la dernière actualisation
  • Le résultat moyen est 50 sur 161
Statistiques - réponses
Saisons Nationalité Joueur Nombre
De Matchs
Poste % Correct
2014 - 20192021 - France AntoineGriezmann 442 A
100%
2014 - Slovénie JanOblak 490 G
100%
2009 - Espagne Koke 681 M
96%
2024 - Argentine JulianAlvarez 54 A
90%
2010 - 2019 Uruguay DiegoGódin 389 D
88%
2005 - 20062010 - 2015 Espagne MarioSuárez 186 M
86%
2018 - 2025 France ThomasLemar 186 M
86%
2013 - Uruguay José MaríaGiménez 356 D
85%
2020 - 2022 Uruguay LuisSuárez 83 A
85%
2000 - 20072014 - 2018 Espagne FernandoTorres 403 A
80%
2013 - 2015 Espagne HéctorHernández 2 A
79%
2014 - 2019 France LucasHernández 110 D
79%
2019 - Espagne MarcosLlorente 248 D/M
79%
2012 - 20142015 - 2016 Espagne ÓliverTorres 57 M
79%
2015 - 20182019 - 2023 Belgique YannickFerreira Carrasco 263 A
78%
2011 - 2014 Belgique ThibautCourtois 154 G
76%
2024 - Norvège AlexanderSorloth 50 A
75%
2018 - 20202022 - 2024 Espagne ÁlvaroMorata 154 A
75%
2015 - 2024 Monténégro StefanSavic 297 D
74%
2010 - 20142015 - 2019 Brésil FilipeLuis 333 D
73%
2010 - 2019 Espagne Juanfran 355 D
73%
2011 - 2015 Turquie ArdaTuran 178 A
71%
2010 - 20112012 - 2014
2017 - 2021
Espagne DiegoCosta 216 A
71%
2007 - 2011 Uruguay DiegoForlán 198 A
69%
2018 - 2019 Espagne Rodri 47 M
69%
2021 - 2025 Argentine RodrigoDe Paul 184 M
69%
2006 - 2011 Argentine SergioAguero 234 A
69%
2014 - 2025 Argentine ÁngelCorrea 466 A
68%
2011 - 2013 Colombie RadamelFalcao 91 A
68%
2021 - 20222024 - Argentine GiulianoSimeone 48 A
65%
2019 - 2023 Portugal JoaoFélix 131 A
65%
2011 - 20132014 - 2021 2022 - 2024 Espagne SaúlNiguez 427 M
65%
2024 - France ClementLenglet 34 D
63%
2003 - 20042005 - 2006 2011 - 2018 Espagne Gabi 417 M
63%
2022 - 2025 Belgique AxelWitsel 115 D/M
61%
2015 - 2020 Ghana ThomasPartey 188 M
61%
2022 - Argentine NahuelMolina 133 D
59%
2022 - 2024 Pays - Bas MemphisDepay 40 A
58%
2020 - 2023 RépubliqueCentrafricaine GeoffreyKondogbia 93 M
55%
2024 - Angleterre ConorGallagher 47 M
54%
2021 - 2023 Espagne CarlosMartín 2 A
53%
2013 - 2014 Espagne DavidVilla 47 A
53%
2016 - 2018 France KévinGameiro 82 A
53%
2011 - 2013 Espagne PedroMartín 5 A
53%
2019 - 2022 Brésil RenanLodi 118 D
53%
2015 - 2016 Colombie JacksonMartínez 22 A
51%
2011 - 2015 Brésil Miranda 178 D
51%
2014 - 2015 Croatie MarioMandzukic 43 A
50%
2024 - Espagne RobinLe Normand 37 D
50%
2019 - 2022 Angleterre KieranTrippier 86 D
49%
2015 - 2018 Argentine AugustoFernández 34 M
46%
2022 - Espagne PabloBarrios 102 M
46%
2007 - 20112012 - 2015 Espagne RaúlGarcía 329 M/A
45%
2016 - 20182019 - 2022 Croatie SimeVrsaljko 100 D
45%
2012 - 2015 Uruguay CristianRodríguez 98 M
41%
2019 - 2024 Espagne MarioHermoso 174 D
40%
2021 - 2025 Mozambique ReinildoMandava 102 D
40%
2011 - 2014 Espagne AdriánLópez 142 A
39%
2024 - Argentine JuanMusso 9 G
38%
2019 - 2023 Brésil Felipe 113 D
36%
2000 - 2002 2004 - 2012 Espagne AntonioLópez 285 D
35%
2023 - 2025 Brésil SamuelLino 91 D/M/A
35%
2009 - 2017 Portugal TiagoMendes 228 M
35%
2023 - 2025 Espagne CesarAzpilicueta 54 D
33%
2019 - 2022 Mexique HéctorHerrera 78 M
33%
2009 - 2011 Espagne DavidDe Gea 84 G
30%
2017 - 2018 Espagne SergiGonzález 3 D
30%
2019 - 2021 Espagne ManuSánchez 7 D
29%
2020 - 2021 Espagne RicardSánchez 3 D
29%
2018 - 2020 Colombie SantiagoArias 51 D
29%
2021 - 2023 Brésil MatheusCunha 54 M/A
28%
2011 - 20122013 - 2014 Brésil Diego 62 M
26%
2013 - 2014 Belgique TobyAlderweireld 22 D
26%
2020 - 2021 France MoussaDembélé 7 A
25%
2019 - 20202023 - 2025 Espagne RodrigoRiquelme 75 A
25%
2023 - Espagne JaviGalan 46 D
24%
2017 - 2021 Espagne Vitolo 101 A
23%
2020 - 2021 Uruguay LucasTorreira 26 M
21%
2014 - 2018 Espagne Miguel ÁngelMoyá 67 G
20%
2018 - 2019 Croatie NikolaKalinic 24 A
20%
2017 - 2020 Espagne ToniMoya 5 M
20%
2012 - 2013 Argentine CataDíaz 22 D
19%
2016 - 2018 Argentine NicoGaitán 49 M/A
19%
2014 - 2015 Mexique RaúlJiménez 28 A
19%
2014 - 2015 Espagne IvánPérez 1 D
18%
2015 - 20162017 - 2018 Argentine LucianoVietto 38 A
18%
2020 - 20212022 - 2024 Croatie IvoGrbic 14 G
16%
2007 - 2011 Portugal Simao 168 A
16%
2018 - 2020 Espagne AntonioAdán 7 G
15%
2023 - 2024 Belgique ArthurVermeeren 5 M
15%
2023 - 2024 Turquie CaglarSoyuncu 9 D
14%
2018 - 2019 Portugal GelsonMartins 12 A
14%
2016 - 2017 Espagne JuanMoreno 1 A
14%
2014 - 20152016 - 2017 Italie AlessioCerci 11 A
13%
2022 - 2023 Espagne SergioReguilon 12 D
13%
2013 - 2015 Espagne CarlosRamos 2 M
11%
2016 - 2017 Espagne RobertoNúnez 1 A
11%
2008 - 2012 Espagne ÁlvaroDomínguez 120 D
10%
2014 - 2016 Brésil GuilhermeSiqueira 44 D
10%
2007 - 20082009 - 2012 Espagne José AntonioReyes 154 A
10%
2015 - 2016 Argentine MatíasKranevitter 11 M
10%
2022 - 2023 Irlande MattDoherty 4 D
10%
2008 - 2011 RépubliqueTchèque TomasUjfalusi 133 D
10%
2023 - 2024 Brésil GabrielPaulista 5 D
9%
2013 - 2014 France JoshuaGuilavogui 7 M
9%
2009 - 20102011 - 2013 Espagne SergioAsenjo 41 G
9%
2010 - 2011 Espagne AlbertoPerea 3 A
8%
2021 - 2022 Danemark DanielWass 1 D
8%
2004 - 2012 Colombie LuisPerea 313 D
8%
2013 - 2014 Argentine JoséSosa 24 M
6%
2008 - 2012 Brésil PauloAssunçao 147 M
6%
2022 - 2025 Espagne AntonioGomis 1 G
5%
2016 - 2017 Brésil CaioHenrique 1 D
5%
2011 - 2012 Argentine EduardoSalvio 48 A
5%
2012 - 2013 Turquie EmreBelozoglu 17 M
5%
2023 - Grece IliasKostis 2 D
5%
2019 - 2021 Serbie IvanSaponjic 5 A
5%
2014 - 2016 Espagne JesúsGámez 37 D
5%
2018 - 2019 Espagne JoaquínMunoz 1 A
5%
2011 - 2012 Portugal Pizzi 16 M
5%
2011 - 2013 Portugal Silvio 22 D
5%
2013 - 2014 Espagne DanielAranzubia 5 G
4%
2010 - 2011 Brésil Elias 18 M
4%
2012 - 2014 Argentine EmilianoInsúa 17 D
4%
2010 - 2012 Espagne FranMérida 30 M
4%
2018 - 2019 Espagne JaviMontero 14 D
4%
2011 - 2014 Espagne JavierManquillo 17 D
4%
2013 - 2014 Brésil LéoBaptistao 11 A
4%
2014 - 2015 Guinée SekouKeita 1 A
4%
2018 - 2021 Espagne SergioCamello 6 A
4%
2018 - 2019 Espagne VíctorMollejo 4 A
4%
2018 - 2019 Colombie AndrésSolano 1 D
3%
2017 - 2018 Sénégal AronaSané 1 A
3%
2017 - 2018 Argentine AxelWerner 3 G
3%
2014 - 2015 Argentine CristianAnsaldi 11 D
3%
2019 - 2020 Espagne GermánValera 1 A
3%
2005 - 20082009 - 2011 Espagne JuanValera 101 D
3%
2009 - 2011 Espagne Juanito 26 D
3%
2020 - 2021 Uruguay Juan ManuelSanabria 1 M
3%
2016 - 2018 Albanie KeidiBare 2 M
3%
2020 - 2021 Espagne MarioSoriano 1 A
3%
2020 - 2021 Espagne MiguelSan Román 1 G
3%
2015 - 2016 Espagne NachoMonsalve 1 D
3%
2019 - 2020 Espagne ÓscarClemente 1 M
3%
2016 - 2017 Espagne RobertoOlabe 1 M
3%
2023 - 2024 Maroc SalimEl Jebari 1 A
3%
2023 - 2025 Maroc AbdeRaihani 1 A
1%
2012 - 2013 Tunisie AbdelkaderOueslati 3 M
1%
2017 - 2018 Espagne AntonioMontoro 1 D
1%
2018 - 2019 Espagne BorjaGarcés 1 A
1%
2014 - 2015 Espagne Cani 6 M
1%
2017 - 2019 Espagne CarlosIsaac 2 D
1%
2019 - 2020 Espagne DaríoPoveda 1 A
1%
2012 - 2013 Espagne DomingoCisma 11 D
1%
2007 - 2011 Espagne IgnacioCamacho 50 M
1%
2021 - 20222024 - Espagne JaviSerrano 9 M
1%
2009 - 2012 Espagne JoelRobles 7 G
1%
2010 - 2013 Espagne JorgePulido 12 D
1%
2024 - 2025 Espagne AdrianNino 1 A
0%
2010 - 2011 Espagne AlbertoNoguera 2 M
0%
2006 - 20082009 - 2011 Espagne José ManuelJurado 129 M
0%
Aucun quiz correspondant
Distribution des résultats
% des personnes avec chaque résultat
Percentile par nombre de réponses
Votre historique - résultats
Vous n’avez pas pris ce quiz depuis la dernière actualisation